00543cam a22002291 4500001001300000003000400013005001700017008004100034010001700075025001900092035002000111040002100131042001200152050001500164100002600179245003000205260001100235300002500246500001600271650000900287999001700296sa 64004597 DLC20260227112026.0940602s1962 ii a 000 0 beno  asa 64004597  aPL480:EP-B-249 a(OCoLC)30538643 aDLCcCUdCUdDLC apremarc00aHQ31b.D231 aDatta, Amara Nātha.10aYaubanera gopana kathā. c[1962] a230 p.bill.c18 cm. aIn Bengali. 0aSex. c58624d58624